Banking and capital markets / (Record no. 5183)

MARC details
000 -LEADER
fixed length control field 00946nam a22002177a 4500
008 - FIXED-LENGTH DATA ELEMENTS--GENERAL INFORMATION
fixed length control field 120916t xxu||||| |||| 00| 0 eng d
020 ## - INTERNATIONAL STANDARD BOOK NUMBER
International Standard Book Number 9-7819-0762-4209
082 ## - DEWEY DECIMAL CLASSIFICATION NUMBER
Edition number 22 ed.
Classification number 246.082
Item number ADA
100 ## - MAIN ENTRY--PERSONAL NAME
Personal name Adams, David
9 (RLIN) 6678
245 ## - TITLE STATEMENT
Title Banking and capital markets /
Statement of responsibility, etc David Adams
250 ## - EDITION STATEMENT
Edition statement 1 ed.
260 ## - PUBLICATION, DISTRIBUTION, ETC. (IMPRINT)
Place of publication, distribution, etc Guild ford :
Name of publisher, distributor, etc college of Law publishing
Date of publication, distribution, etc 2011
300 ## - PHYSICAL DESCRIPTION
Extent xxi . ; 300 p. :
Dimensions 30 cm.
500 ## - GENERAL NOTE
General note Includes Index
650 ## - SUBJECT ADDED ENTRY--TOPICAL TERM
Topical term or geographic name as entry element Banking law -- Great Britain
9 (RLIN) 1592
650 ## - SUBJECT ADDED ENTRY--TOPICAL TERM
Topical term or geographic name as entry element Capital market -- Law and legislation -- Great Britain
9 (RLIN) 6679
650 ## - SUBJECT ADDED ENTRY--TOPICAL TERM
Topical term or geographic name as entry element Banking and capital markets
9 (RLIN) 6680
942 ## - ADDED ENTRY ELEMENTS (KOHA)
Source of classification or shelving scheme Dewey Decimal Classification
Item type Books
Holdings
Withdrawn status Lost status Source of classification or shelving scheme Damaged status Not for loan Home library Current library Date acquired Total Checkouts Full call number Barcode Date last seen Copy number Price effective from Koha item type Public note
    Dewey Decimal Classification     Archives Archives 09/16/2012   246.082 ADA 3937/2012 09/16/2012 1 09/16/2012 Books Reserve book
    Dewey Decimal Classification     Archives Archives 09/16/2012   246.082 ADA 3938/2012 09/16/2012 2 09/16/2012 Books Reserve book